00237nam a22001097a 4500008004100000020001800041041000800059080000700067100000700074101000800081245003800089170608b xxu||||| |||| 00| 0 eng d a9780618913565 aeng a32 a18 aSHP aTHE CHALLENGE OF DEMOCRACYcJANDA